Score 0/10 Timer 01:00
0 Plays Today
% Correct
Pink Floyd
97.2%
The Clash
94.5%
The Police
82.4%
Neil Young & Crazy Horse
79.6%
Tom Petty & the Heartbreakers
78.2%
The Cars
77.2%
Motörhead
72.7%
Talking Heads
67.1%
Joy Division
64.7%
Graham Parker
48.4%

You're not logged in!

Compare scores with friends on all Sporcle quizzes.
OR
Log In

Sporcle TV

Today on Sporcle TV


Watch our educational content, quiz creation guides, and fun videos on Sporcle TV.

Show Comments

Extras

Top Quizzes Today


Score Distribution

Paid Content

Your Account Isn't Verified!

In order to create a playlist on Sporcle, you need to verify the email address you used during registration. Go to your Sporcle Settings to finish the process.

Report this User

Report this user for behavior that violates our Community Guidelines.

Details: